LOGISTICS ENGINEERING AND MANAGEMENT (Record no. 203110)

MARC details
000 -LEADER
fixed length control field 00511nam a2200193Ia 4500
003 - CONTROL NUMBER IDENTIFIER
control field OSt
005 - DATE AND TIME OF LATEST TRANSACTION
control field 20260312161218.0
020 ## - INTERNATIONAL STANDARD BOOK NUMBER
International Standard Book Number 978-93-325-4975-3
040 ## - CATALOGING SOURCE
Transcribing agency LC
050 ## - LIBRARY OF CONGRESS CALL NUMBER
Classification number TA 168 .B 563 2015
100 ## - MAIN ENTRY--PERSONAL NAME
Personal name BLANCHARD BENJAMIN S
245 #0 - TITLE STATEMENT
Title LOGISTICS ENGINEERING AND MANAGEMENT
250 ## - EDITION STATEMENT
Edition statement 6
260 ## - PUBLICATION, DISTRIBUTION, ETC.
Place of publication, distribution, etc. BOULEVARD,
Name of publisher, distributor, etc. PEARSON INDIA EDUCATION SERVICES PVT LTD,
Date of publication, distribution, etc. 2015,
300 ## - PHYSICAL DESCRIPTION
Extent Xiii, 546 P, ILL
500 ## - GENERAL NOTE
General note IINCLUDES INDEX
650 ## - SUBJECT ADDED ENTRY--TOPICAL TERM
Topical term or geographic name entry element Systems engineering, Logistics
942 ## - ADDED ENTRY ELEMENTS (KOHA)
Koha item type Long Loan Book
Source of classification or shelving scheme Library of Congress Classification
Holdings
Withdrawn status Lost status Source of classification or shelving scheme Damaged status Not for loan Collection Home library Current library Shelving location Date acquired Inventory number Total checkouts Full call number Barcode Date last seen Copy number Price effective from Koha item type
    Library of Congress Classification     Science & Technology Kisii University Library Kisii University Library On Display 09/15/2023 83819   TA 168 .B 563 2015 000000024062 09/15/2023 5 09/15/2023 Long Loan Book